What do these flags represent? -Brazil - Statistics

General Stats
  • This quiz has been taken 17 times
    8 since last reset
  • The average score is 7 of 10
Answer Stats
Question Answer % Correct
Amazonas
100%
Brazil
100%
São Paulo
100%
Federal District
67%
Maranhão
67%
Mato Grosso do Sul
67%
Pará
67%
Principality of Brazil (Former Portuguese colony)
67%
Río de Janeiro
33%
Tocantins
33%
No matching quizzes found
Score Distribution
Percent of People with Each Score
Percentile by Number Answered
Your Score History
You have not taken this quiz since the last reset